Konsolidace účetní závěrky pojišťoven

Charakteristika konsolidácie účtovnej závierky, upozornenie na ustanovenia týkajúce sa poisťovní, ako ich stanovuje opatrenie č.j. 282/11 200/1994 Ministerstva financií ČR z 1.3.1994.

Na minha lista:
Detalhes bibliográficos
Autor principal: Huleš, J.
Outros Autores: Rokosová, L.
Formato: Capítulo de Livro
Idioma:tcheco
Assuntos:
Tags: Adicionar Tag
Sem tags, seja o primeiro a adicionar uma tag!

MARC

LEADER 00000naa a2200000 4500
001 r015729
005 20221213083343.5
041 0 |a cze 
044 |a CZ 
245 1 0 |a Konsolidace účetní závěrky pojišťoven  |c J. Huleš, L. Rokosová 
520 |a Charakteristika konsolidácie účtovnej závierky, upozornenie na ustanovenia týkajúce sa poisťovní, ako ich stanovuje opatrenie č.j. 282/11 200/1994 Ministerstva financií ČR z 1.3.1994. 
610 2 0 |a závierka účtovná konsolidovaná 
610 2 0 |a poisťovne 
610 2 0 |a spoločnosti materské 
610 2 0 |a spoločnosti dcérske 
610 2 0 |a predpisy právne 
610 2 0 |a Česko 
610 2 0 |a 1994 
100 1 |a Huleš, J. 
700 1 |a Rokosová, L.